000
00224nam a22000977a 4500
999
_c
263569
_d
263568
020
_a
0553492373
100
_a
Jamie Suzanne
245
_a
Elizabeth Next Stop, Jr. High
260
_a
New York
_b
Bantam Books
_c
1998
942
_c
BK